Online
Catalog
Normal view MARC view

Entry Nombre personal

Number of records used in: 2

001 - NÚMERO DE CONTROL

  • campo de control: 86949

003 - IDENTIFICADOR DEL NÚMERO DE CONTROL

  • campo de control: DO-SdBNP

005 - FECHA Y HORA DE LA ÚLTIMA TRANSACCIÓN

  • campo de control: 20250207094848.0

008 - DATOS DE LONGITUD FIJA

  • campo de control de longitud fija: 250207|| aca||aabn | a|a d

040 ## - FUENTE DE LA CATALOGACIÓN

  • Centro catalogador/agencia de origen: DO-SdBNP
  • Lengua de catalogación: spa
  • Centro/agencia transcriptor: DO-SdBNP
  • Normas de descripción: rda

043 ## - CÓDIGO DE ÁREA GEOGRÁFICA

  • Código de área geográfica: dr

100 ## - ENCABEZAMIENTO-NOMBRE DE PERSONA

  • Nombre de persona: Yepes, José Alejandro

370 ## - LUGAR ASOCIADO

  • País asociado: Santo Domingo, República Dominicana

372 ## - CAMPO DE ACTIVIDAD

  • Campo de actividad: Diseñador

374 ## - OCUPACIÓN

  • Ocupación: Ingeniero

375 ## - GÉNERO/SEXO

  • Género/Sexo: Masculino

Powered by Koha